000
00305 a2200145 4500
001
151755
040
_c
Escola São Tomás de Aquino
240
1
0
_a
A tulipa negra
_l
por
245
1
0
_a
A tulipa negra
300
_a
176
362
0
_a
2004
440
1
_a
FTD
697
_a
*LITERATURA JUVENIL
942
_c
BK
999
_c
151755
_d
151755